00771cam a22002291i 4500001001300000003000400013005001700017008004100034010001700075035001900092040002700111042001200138050002100150110001400171245010100185260006600286300002700352500001700379500009900396710002900495999001700524sa 66001919 DLC20260227112225.0770315s1964 xx 000 0 eng  asa 66001919  a(OCoLC)2803251 aDLCcTxU-LdOCoLCdDLC apremarc00aLAW 1 aPakistan.14aThe Constitution of the Islamic Republic of Pakistan,bas modified up to the 12th October, 1964. aKarachi :bManager of Publications, Govt. of Pakistan,c1964. axiii, 260 p. :c25 cm. aCover title. aAt head of title : Govt. of Pakistan, Ministry of Law and Parliamentary Affairs (Law Division)1 aPakistan.bLaw Division. c68066d68066